Hospodářská konjunktura

Salvato in:
Dettagli Bibliografici
Natura: Libro
Lingua:ceco
Pubblicazione: Praha Knihovna sborníku věd právních a státních 1947
Tags: Aggiungi Tag
Nessun Tag, puoi essere il primo ad aggiungerne!!

MARC

LEADER 00000nam a2200000 4500
001 0267647
005 20240822101709.3
041 0 |a cze 
044 |a CZ 
245 1 0 |a Hospodářská konjunktura  |c Václav Vrábel 
264 1 |a Praha  |b Knihovna sborníku věd právních a státních  |c 1947